Štúdium na London School of Economics and Political Science

Informácia o štúdijnom pobyte na London School of Economics and Political Science.

Guardado en:
Detalles Bibliográficos
Autor principal: Střelecká, Zdenka
Formato: Capítulo de libro
Lenguaje:eslovaco
Materias:
Etiquetas: Agregar Etiqueta
Sin Etiquetas, Sea el primero en etiquetar este registro!

MARC

LEADER 00000naa a2200000 4500
001 0121003
005 20240502072356.1
041 0 |a slo 
044 |a SK 
245 1 0 |a Štúdium na London School of Economics and Political Science  |c Zdenka Střelecká 
520 |a Informácia o štúdijnom pobyte na London School of Economics and Political Science. 
610 2 0 |a školy vysoké 
610 2 0 |a veda ekonomická 
610 2 0 |a bankovníctvo 
610 2 0 |a práce kvalifikačné 
610 2 0 |a Veľká Británia 
100 1 |a Střelecká, Zdenka